| 000 | 00844nam a2200253Ia 4500 | ||
|---|---|---|---|
| 003 | GCL | ||
| 008 | 140319s9999 xx 000 0 ara d | ||
| 020 | _a7031609977 | ||
| 040 |
_aGCL / _cGCL |
||
| 082 | 0 | 4 |
_aق _b350.004 _bم و |
| 100 | 1 | _aمحمد الجوادى | |
| 245 | 1 | 0 |
_aالوزراء: ورؤساؤهم ونوابهم ، تشكيلهم وترتيبهم ومسؤلياتهم 1952 - 1996 / _cمحمد الجوادى |
| 250 | _aالاولى | ||
| 260 |
_aالقاهرة : _bدار الشروق ، _c1996 |
||
| 300 |
_a157 ص ؛ _c24 سم |
||
| 490 | _a | ||
| 650 | 0 | 4 | _aرجال الدولة |
| 650 | 0 | 4 | _aالوزراء |
| 650 | 0 | 4 | _aالسياسيون المصريون |
| 650 | 0 | 4 | _aالوزراء - تعيينات |
| 650 | 0 | 4 | _aمصر - الاحوال السياسية |
| 650 | 0 | 4 | _aالوزارات |
| 942 |
_2ddc _cBK |
||
| 999 |
_c45920 _d45920 |
||